Statistics for Star Wars - Who Killed Who

Click here to take the quiz!

General Stats

  • This quiz has been taken 10,972 times
    (8,202 since last reset)
  • The average score is 11 of 14

Answer Stats

HintAnswer% Correct
Darth MaulObi-Wan Kenobi
99%
The EmperorDarth Vader
97%
Obi-Wan KenobiDarth Vader
94%
Qui Gon JinnDarth Maul
93%
Count DookuAnakin Skywalker
90%
General GrievousObi-Wan Kenobi
90%
Jabba the HuttPrincess Leia
89%
Mace WinduPalpatine
89%
GreedoHan Solo
88%
Jango FettMace Windu
87%
Zam WesselJango Fett
62%
Admiral OzzelDarth Vader
51%
Shaak TiDarth Vader
45%
OolaRancor
32%

Score Distribution

Percentile by Number Answered

Percent of People with Each Score

Your Score History

You have not taken this quiz since the last reset